000165989 001__ 165989 000165989 005__ 20260116163026.0 000165989 0248_ $$2sideral$$a147390 000165989 037__ $$aART-2015-147390 000165989 041__ $$aspa 000165989 100__ $$aSastre, S. 000165989 245__ $$aManejo quirúrgico de la inestabilidad acromioclavicular aguda 000165989 260__ $$c2015 000165989 5060_ $$aAccess copy available to the general public$$fUnrestricted 000165989 5203_ $$aEl manejo quirúrgico de la inestabilidad acromioclavicular aguda representa un procedimiento común dentro de la patología del hombro. De acuerdo con la clasificación de Rockwood, hay que valorar la presencia de un componente de inestabilidad horizontal además de la inestabilidad vertical. El tratamiento de las luxaciones acromioclaviculares agudas debe ajustarse a las demandas del paciente. Las inestabilidades de bajo grado (tipos I y II) son tratadas de manera conservadora. Las consideradas de alto grado (tipo IV-VI) deben ser tratados de manera quirúrgica dentro de las 2-3 semanas después de la lesión. El debate continúa en las de tipo III. El tratamiento no quirúrgico de las lesiones de tipo III proporciona resultados funcionales al menos iguales en comparación al tratamiento quirúrgico, eso sí, con menos complicaciones y tiempos de recuperación más alargados para reincorporarse a las actividades profesionales y deportivas. Entre los tratamientos quirúrgicos utilizados se encuentran procedimientos quirúrgicos abiertos utilizando agujas de Kirschner, PDS u otro tipo de suturas irreabsorbibles o placas-gancho. Las técnicas artroscópicas utilizan los nuevos implantes diseñados para alinear y reducir el espacio coracoclavicular. La ventaja de la artroscopia es poder revisar y tratar lesiones asociadas en la glenohumeral en el mismo acto quirúrgico. 000165989 540__ $$9info:eu-repo/semantics/openAccess$$aby-nc-nd$$uhttps://creativecommons.org/licenses/by-nc-nd/4.0/deed.es 000165989 592__ $$a0.0$$b2015 000165989 593__ $$aSurgery$$c2015 000165989 593__ $$aOrthopedics and Sports Medicine$$c2015 000165989 655_4 $$ainfo:eu-repo/semantics/article$$vinfo:eu-repo/semantics/publishedVersion 000165989 700__ $$aPeidro, Ll. 000165989 700__ $$aBallesteros, J.R. 000165989 700__ $$aCombalia, A. 000165989 773__ $$g22, 1 (2015), 33 - 37$$tRevista Española de Artroscopia y Cirugia Articular$$x2386-3129 000165989 8564_ $$s1156737$$uhttps://zaguan.unizar.es/record/165989/files/texto_completo.pdf$$yVersión publicada 000165989 8564_ $$s2009695$$uhttps://zaguan.unizar.es/record/165989/files/texto_completo.jpg?subformat=icon$$xicon$$yVersión publicada 000165989 909CO $$ooai:zaguan.unizar.es:165989$$particulos$$pdriver 000165989 951__ $$a2026-01-16-14:54:20 000165989 980__ $$aARTICLE